[Event "Pune Blitz op 13th"]
[Site "Pune"]
[Date "2024.05.22"]
[Round "4"]
[White "Puspal, Datta"]
[Black "Ratnakaran, Kantoli"]
[Result "0-1"]
[WhiteElo "1804"]
[BlackElo "2339"]
[PlyCount "78"]
[EventDate "2024.05.22"]
[EventType "swiss (blitz)"]
[EventRounds "9"]
[EventCountry "IND"]
[SourceTitle "CBM 220 Extra"]
[Source "ChessBase"]
[SourceDate "2024.07.31"]
[SourceVersion "1"]
[SourceVersionDate "2024.07.31"]
[SourceQuality "1"]

1. b3 d5 2. Bb2 c6 3. g3 Bf5 4. Bg2 Nd7 5. d3 e5 6. Nd2 Bg6 7. e3 h5 8. h3 Ngf6 9. Ne2 Bd6 10. 0-0 Qe7 11. e4 dxe4 12. Nxe4 Bc7 13. f4 Bxe4 14. dxe4 0-0-0 15. Nc3 h4 16. f5 hxg3 17. Qf3 Nh5 18. a4 Qh4 19. Ne2 Ndf6 20. a5 Nf4 21. Nxf4 exf4 22. Bc3 Nh7 23. Qg4 Ng5 24. f6+ Qxg4 25. hxg4 g6 26. e5 Ne6 27. b4 a6 28. Rfd1 Rde8 29. Kf1 Ng5 30. Rd3 Bxe5 31. Bxe5 Rxe5 32. Rad1 Re6 33. Rd7 Rxf6 34. Re7 f3 35. Bxf3 Rxf3+ 36. Ke2 Rh2+ 37. Ke1 Rff2 38. Re8+ Kc7 39. Re7+ Kb8 0-1

[Event "Bhubaneswar op-A 14th"]
[Site "Bhubaneswar"]
[Date "2023.06.11"]
[Round "1"]
[White "Yashad, Bambeshwar"]
[Black "Puspal, Datta"]
[Result "1/2-1/2"]
[WhiteElo "1451"]
[BlackElo "1606"]
[PlyCount "91"]
[EventDate "2023.06.11"]
[EventType "swiss"]
[EventRounds "10"]
[EventCountry "IND"]
[SourceTitle "EXT 2024"]
[Source "ChessBase"]
[SourceDate "2023.10.10"]
[SourceVersion "1"]
[SourceVersionDate "2023.10.10"]
[SourceQuality "1"]

1. e4 e5 2. Nf3 Nc6 3. Bb5 Nf6 4. 0-0 Be7 5. Re1 d6 6. c3 0-0 7. h3 a6 8. Ba4 b5 9. Bb3 Bb7 10. d4 Re8 11. Ng5 Rf8 12. Nf3 h6 13. Nbd2 Re8 14. Nf1 Bf8 15. Ng3 g6 16. Bd2 Qd7 17. Bc2 Kh7 18. d5 Nb8 19. b3 c6 20. c4 Qc7 21. Nh2 Bg7 22. Rc1 Nbd7 23. Bd3 Qb6 24. Be3 c5 25. Ng4 b4 26. Qd2 Nxg4 27. hxg4 Nf6 28. f3 Ng8 29. Kf2 Qd8 30. Rh1 Qe7 31. g5 Rf8 32. Rh2 Bc8 33. Nf5 Qd8 34. Nxg7 Kxg7 35. gxh6+ Kh7 36. g4 Ra7 37. Rg1 a5 38. Qb2 Rc7 39. a3 f6 40. axb4 axb4 41. Ke2 Rff7 42. Ra1 Ra7 43. Rhh1 g5 44. Rxa7 Rxa7 45. Ra1 Qb6 46. Bb1 1/2-1/2

[Event "Vrindavana MMT op"]
[Site "Mathura"]
[Date "2023.04.25"]
[Round "5"]
[White "Chakravarthi, Reddy M"]
[Black "Puspal, Datta"]
[Result "1-0"]
[WhiteElo "2278"]
[BlackElo "1451"]
[PlyCount "101"]
[EventDate "2023.04.23"]
[EventType "swiss"]
[EventRounds "9"]
[EventCountry "IND"]
[SourceTitle "CBM 213 Extra"]
[Source "ChessBase"]
[SourceDate "2023.05.31"]
[SourceVersion "1"]
[SourceVersionDate "2023.05.31"]
[SourceQuality "1"]

1. c4 Nf6 2. Nc3 e6 3. e4 e5 4. Nf3 Nc6 5. d4 exd4 6. Nxd4 d6 7. Be2 Be7 8. 0-0 0-0 9. Be3 Nxd4 10. Bxd4 Be6 11. f4 c6 12. Kh1 Qc7 13. Qd2 Rad8 14. Rad1 a6 15. f5 Bc8 16. Qe3 Nd7 17. Qg3 Bf6 18. Bxf6 Nxf6 19. c5 Rfe8 20. Rxd6 Rxd6 21. cxd6 Qa5 22. Bf3 Bd7 23. a3 Qc5 24. Rd1 Kf8 25. Qf4 Qe5 26. Qxe5 Rxe5 27. g4 g5 28. h4 h6 29. hxg5 hxg5 30. Na4 Be8 31. b4 Nd7 32. Nb2 Rb5 33. Kg2 a5 34. Be2 Re5 35. Kf3 Nf6 36. Rd4 c5 37. Nd3 Rxf5+ 38. gxf5 cxd4 39. bxa5 Bb5 40. e5 Bc6+ 41. Kf2 Ne4+ 42. Ke1 Bb5 43. a4 Ba6 44. f6 Ke8 45. Bh5 Bc4 46. Nb2 Bb3 47. Bf3 Nc5 48. Kd2 Kd7 49. Nd3 Nxa4 50. Bxb7 Bc4 51. a6 1-0

[Event "Agartala Dutta Memorial 2nd"]
[Site "Agartala"]
[Date "2022.08.17"]
[Round "9"]
[White "Puspal, Datta"]
[Black "Priyankara, Chamil Y"]
[Result "0-1"]
[WhiteElo "1350"]
[BlackElo "1906"]
[PlyCount "129"]
[EventDate "2022.08.13"]
[EventType "swiss"]
[EventRounds "10"]
[EventCountry "IND"]
[SourceTitle "EXT 2023"]
[Source "ChessBase"]
[SourceDate "2022.10.05"]
[SourceVersion "1"]
[SourceVersionDate "2022.10.05"]
[SourceQuality "1"]

1. e4 c5 2. c4 a6 3. Nc3 Nf6 4. g3 g6 5. Bg2 Bg7 6. d3 Nc6 7. Be3 d6 8. Rc1 Rb8 9. h3 0-0 10. Nge2 e5 11. 0-0 Ne8 12. f4 exf4 13. Bxf4 Nc7 14. Qd2 Ne5 15. b3 Ne6 16. Kh1 Nxf4 17. Nxf4 b5 18. Nce2 Nc6 19. Nd5 Be6 20. cxb5 axb5 21. Nef4 b4 22. Ne2 Bxd5 23. exd5 Nd4 24. Nxd4 Bxd4 25. Qf4 Be5 26. Qf3 Ra8 27. Rc2 Qg5 28. g4 Ra7 29. Re2 Kg7 30. Qf2 h5 31. Re4 Rfa8 32. h4 Qe7 33. g5 Rxa2 34. Qf3 R2a7 35. Qe3 Ra1 36. Bh3 Rxf1+ 37. Bxf1 Ra1 38. Kg2 Qc7 39. Qf3 Qd8 40. Qf2 Rb1 41. Qe3 Rb2+ 42. Be2 Qa8 43. Rxe5 dxe5 44. Qxe5+ Kh7 45. Kf2 Ra2 46. d6 Qa7 47. Kf3 Qd7 48. Ke3 Qh3+ 49. Bf3 Ra7 50. Qxc5 Qe6+ 51. Be4 Rd7 52. Qxb4 Rxd6 53. Qc4 Qh3+ 54. Kd2 Rd7 55. Bc6 Re7 56. Qf4 Qe6 57. Be4 Qxb3 58. Qd6 Qb2+ 59. Ke3 Qc1+ 60. Ke2 Ra7 61. Qb6 Ra2+ 62. Kf3 Qh1+ 63. Kg3 Qh2+ 64. Kf3 Qh3+ 65. Kf4 0-1